| 000 | 01492nam a2200361Ia 4500 | ||
|---|---|---|---|
| 001 | ebr10191403 | ||
| 003 | CaPaEBR | ||
| 006 | m u | ||
| 007 | cr cn||||||||| | ||
| 008 | 070221s2007 enk sb 001 0 eng d | ||
| 010 | _z 2008006344 | ||
| 020 | _z9781845932770 (alk. paper) | ||
| 020 | _z9781845932787 (ebook) | ||
| 040 |
_aCaPaEBR _cCaPaEBR |
||
| 035 | _a(OCoLC)647654506 | ||
| 050 | 1 | 4 |
_aHC59.72.E5 _bS885 2007eb |
| 082 | 0 | 4 |
_a339.4/6091724 _222 |
| 245 | 0 | 0 |
_aSustainable poverty reduction in less-favoured areas _h[electronic resource] / _cedited by Ruerd Ruben, John Pender and Arie Kuyvenhoven. |
| 260 |
_aWallingford, Oxfordshire, UK ; _aCambridge, MA : _bCABI Pub., _c2007. |
||
| 300 | _axii, 472 p. | ||
| 504 | _aIncludes bibliographical references and index. | ||
| 533 |
_aElectronic reproduction. _bPalo Alto, Calif. : _cebrary, _d2009. _nAvailable via World Wide Web. _nAccess may be limited to ebrary affiliated libraries. |
||
| 650 | 0 |
_aSustainable development _zDeveloping countries. |
|
| 650 | 0 |
_aAgricultural development projects _zDeveloping countries. |
|
| 650 | 0 |
_aRural development _zDeveloping countries. |
|
| 650 | 0 |
_aPoverty _zDeveloping countries. |
|
| 655 | 7 |
_aElectronic books. _2local |
|
| 700 | 1 | _aRuben, Ruerd. | |
| 700 | 1 | _aPender, J. | |
| 700 | 1 | _aKuyvenhoven, Arie. | |
| 710 | 2 | _aebrary, Inc. | |
| 856 | 4 | 0 |
_uhttp://site.ebrary.com/lib/rucke/Doc?id=10191403 _zAn electronic book accessible through the World Wide Web; click to view |
| 999 |
_c113524 _d113524 |
||